00841cam a2200253 a 450000100100000000500170001000800410002702000150006804000200008308200240010310000460012724500440017325000120021726000330022930000210026249000210028358600250030465000280032965000310035783000290038891000280041795201270044599900150057200000910220200929161504.0920205s1994 sp 000 0 spa  a8423309150 aDO-SdBNPdBNPHU a863.64bS211j, 19941 aSánchez Ferlosio, Rafael,d1927-91476213aEl Jarama /cRafael Sánchez Ferlosio. a16a ed. aBarcelona :bDestino,c1994. a365 p. ;c18 cm.1 aDestinolibrov16 a"Premio Nadal 1955". 4aNovela española91123 4aLiteratura española9632 0aDestinolibro ;v1698086 aCatalogación derivada 001052708MOaGRbGRcCTd2009-09-26iLF1l0o863.64 S211j, 1994p9102-10r2020-06-25w2020-06-25y2ZPréstamo interno c8866d8866